[Event "España ch 2008 sub 18"]
[Site "Padrón ESP"]
[Date "2008.08.01"]
[Round "8.24"]
[White "Galan Martin, Alejandro"]
[Black "Sanchez Ibern, Eric"]
[Result "0-1"]
[WhiteElo "1925"]
[BlackElo "2038"]
[PlyCount "140"]
[EventDate "2008.07.27"]
[EventType "swiss"]
[EventRounds "9"]
[EventCountry "ESP"]
[Source "lmi"]
[SourceDate "2008.07.27"]

1. e4 c5 2. Nf3 d6 3. d4 Nf6 4. Nc3 cxd4 5. Nxd4 Nc6 6. Bc4 e6 7. Be3 Be7 8.
Qe2 O-O 9. O-O-O d5 10. Bb3 Bb4 11. exd5 exd5 12. Nb1 Re8 13. c3 Nxd4 14. Rxd4
Bc5 15. Qd3 Bxd4 16. Qxd4 Ng4 17. Bxd5 Nxe3 18. fxe3 Qb6 19. Qxb6 axb6 20. Re1
Re7 21. a3 Bf5 22. Nd2 b5 23. Rf1 Be6 24. Bxe6 Rxe6 25. e4 Rae8 26. Rf5 Re5 27.
Rxe5 Rxe5 28. Kc2 f5 29. Kd3 fxe4+ 30. Nxe4 Rd5+ 31. Ke2 Kf7 32. Nd2 Ke6 33.
Nf3 Kd6 34. Nd4 Kc5 35. Nb3+ Kd6 36. Nd4 b6 37. Ke3 Kc5 38. Nb3+ Kd6 39. Nd4
Re5+ 40. Kd2 Rg5 41. g3 h5 42. Nf3 Rd5+ 43. Ke2 Kc5 44. Nd2 h4 45. gxh4 Rh5 46.
Nf3 Kc4 47. Nd2+ Kd5 48. Nf3 Ke4 49. Ng5+ Kf5 50. Nf3 Kg4 51. Ke3 Rf5 52. Nd4
Rh5 53. Nf3 Rh8 54. Nd4 Rxh4 55. Nxb5 Rxh2 56. b4 g5 57. c4 Rc2 58. Kd3 Rc1 59.
Nc3 Kf3 60. c5 bxc5 61. b5 Re1 62. b6 g4 63. a4 g3 64. b7 Re8 65. a5 g2 66. Ne2
Rd8+ 67. Kc4 Kxe2 68. a6 g1=Q 69. a7 Qb1 70. a8=Q Qb4# 0-1

[Event "España ch 2008 sub 18"]
[Site "Padrón ESP"]
[Date "2008.08.01"]
[Round "8.25"]
[White "Espinosa Aranda, Angel"]
[Black "Olmo Vega, Diego"]
[Result "1/2-1/2"]
[WhiteElo "2313"]
[BlackElo "1978"]
[PlyCount "122"]
[EventDate "2008.07.27"]
[EventType "swiss"]
[EventRounds "9"]
[EventCountry "ESP"]
[Source "lmi"]
[SourceDate "2008.07.27"]

1. e4 c5 2. Nf3 Nc6 3. Nc3 e5 4. Bc4 Be7 5. d3 Nf6 6. Nd2 O-O 7. Nf1 d6 8. Ne3
Nd4 9. O-O Be6 10. Ncd5 b5 11. Nxf6+ Bxf6 12. Bd5 Rc8 13. c3 Nc6 14. Bxe6 fxe6
15. Qb3 Qd7 16. Qxb5 Bg5 17. Qb3 Kh8 18. Qd1 Rb8 19. b3 Ne7 20. Qg4 Bh6 21. g3
Rf6 22. Ng2 Qb5 23. Qe2 Bxc1 24. Raxc1 Rbf8 25. f4 Ng6 26. Qe3 a5 27. Rf2 a4
28. bxa4 Qxa4 29. Rcf1 Qa3 30. Qd2 Rb8 31. Ne3 Rf7 32. Nc4 Qa6 33. fxe5 Rxf2
34. Qxf2 d5 35. exd5 exd5 36. Nd6 Qxd3 37. e6 h6 38. Re1 Ne7 39. Nf7+ Kh7 40.
Kg2 Qxc3 41. Re3 Qd4 42. Qc2+ Kg8 43. Re2 c4 44. Ne5 c3 45. Ng6 Rb7 46. Nxe7+
Rxe7 47. Qf5 Qc4 48. Rf2 Qe4+ 49. Qxe4 dxe4 50. Rc2 Rxe6 51. Rxc3 Ra6 52. a3
Ra4 53. Kf2 Kf7 54. Ke3 Kf6 55. Kf4 g5+ 56. Ke3 Kf5 57. h3 h5 58. Rb3 h4 59.
Rb5+ Kf6 60. Rb6+ Ke5 61. Rb5+ Kf6 1/2-1/2

[Event "España ch 2008 sub 18"]
[Site "Padrón ESP"]
[Date "2008.08.01"]
[Round "8.26"]
[White "Picazo Lopez, Ignacio"]
[Black "Castellano Egea, Einar"]
[Result "1/2-1/2"]
[WhiteElo "1973"]
[BlackElo "2128"]
[PlyCount "49"]
[EventDate "2008.07.27"]
[EventType "swiss"]
[EventRounds "9"]
[EventCountry "ESP"]
[Source "lmi"]
[SourceDate "2008.07.27"]

1. d4 e6 2. Nf3 Nf6 3. Bg5 d5 4. e3 Nbd7 5. Bd3 Bd6 6. Nbd2 e5 7. e4 O-O 8.
exd5 exd4 9. O-O Be7 10. Nxd4 Nxd5 11. Bxe7 Nxe7 12. N2f3 Nc5 13. Bc4 Nf5 14.
Nxf5 Bxf5 15. Nd4 Bg6 16. f4 Be4 17. b4 Na4 18. Nf3 Qxd1 19. Raxd1 Bxc2 20. Rc1
Be4 21. Bb3 Nb6 22. Rxc7 Nd5 23. Rd7 Nf6 24. Rc7 Nd5 25. Rd7 1/2-1/2

[Event "España ch 2008 sub 18"]
[Site "Padrón ESP"]
[Date "2008.08.01"]
[Round "8.27"]
[White "Jimenez Capilla, Martin R"]
[Black "Galvan Ruiz, Mario"]
[Result "0-1"]
[WhiteElo "1977"]
[BlackElo "2019"]
[PlyCount "126"]
[EventDate "2008.07.27"]
[EventType "swiss"]
[EventRounds "9"]
[EventCountry "ESP"]
[Source "lmi"]
[SourceDate "2008.07.27"]

1. e4 e6 2. d4 d5 3. Nd2 c5 4. Ngf3 cxd4 5. exd5 Qxd5 6. Nb3 Nc6 7. Nbxd4 Nxd4
8. Qxd4 Nf6 9. Bc4 Qxd4 10. Nxd4 a6 11. a4 Bd7 12. c3 Rc8 13. Be2 Bc5 14. Nb3
Bd6 15. Na5 Rc7 16. Nc4 Bc5 17. Bf4 Rc8 18. Nd6+ Bxd6 19. Bxd6 Bc6 20. f3 Nd5
21. c4 Ne3 22. Kf2 Nf5 23. Be5 f6 24. Bc3 O-O 25. g4 Ne7 26. Ba5 Be8 27. Bb4
Rf7 28. Bd6 Nc6 29. b4 Rd7 30. Bc5 Nd4 31. Bxd4 Rxd4 32. b5 e5 33. Rhd1 Rxd1
34. Rxd1 Bf7 35. bxa6 bxa6 36. Rd6 Bxc4 37. Bxc4+ Rxc4 38. Rxa6 Rc2+ 39. Kg3
Ra2 40. h4 Ra3 41. Kf2 Ra2+ 42. Ke3 h5 43. Ke4 hxg4 44. fxg4 Rf2 45. g5 Rf4+
46. Ke3 Kf7 47. gxf6 gxf6 48. h5 Rh4 49. a5 Rxh5 50. Rb6 Rh3+ 51. Ke4 Ra3 52.
a6 Kg6 53. Rc6 Ra4+ 54. Ke3 Kg5 55. Re6 Kf5 56. Rb6 Ra3+ 57. Ke2 e4 58. Kf2 Ke5
59. Ke2 f5 60. Rh6 Kf4 61. Rb6 Ra2+ 62. Ke1 Kf3 63. Rb1 Rxa6 0-1

[Event "España ch 2008 sub 18"]
[Site "Padrón ESP"]
[Date "2008.08.01"]
[Round "8.28"]
[White "Martinez Salas, Imanol"]
[Black "Tarin Casado, Francisco"]
[Result "1-0"]
[WhiteElo "2010"]
[BlackElo "1815"]
[PlyCount "89"]
[EventDate "2008.07.27"]
[EventType "swiss"]
[EventRounds "9"]
[EventCountry "ESP"]
[Source "lmi"]
[SourceDate "2008.07.27"]

1. e4 c6 2. Nc3 d5 3. Qf3 dxe4 4. Nxe4 e6 5. c3 Nd7 6. d4 Ngf6 7. Bg5 Be7 8.
Nxf6+ Nxf6 9. Bd3 Qc7 10. Ne2 b6 11. Bc2 Bb7 12. O-O O-O-O 13. Bf4 Bd6 14. Bxd6
Qxd6 15. a4 h5 16. a5 c5 17. Qg3 Qc6 18. f3 Rdg8 19. axb6 axb6 20. dxc5 Qxc5+
21. Qf2 Qxf2+ 22. Kxf2 g5 23. Nd4 g4 24. Nb5 gxf3 25. gxf3 Rg7 26. Rg1 Rxg1 27.
Rxg1 Rd8 28. Rd1 Rxd1 29. Bxd1 Kd7 30. Kg3 Ba6 31. Nd4 Bd3 32. Kh4 Bg6 33. Bc2
Bxc2 34. Nxc2 Kd6 35. Kg5 Ke5 36. f4+ Ke4 37. Kxf6 Kxf4 38. Kxf7 e5 39. Kg6 h4
40. Kh5 Ke4 41. Kxh4 Kd3 42. Nb4+ Kd2 43. Kg3 e4 44. Nd5 Kc2 45. Kf4 1-0

[Event "España ch 2008 sub 18"]
[Site "Padrón ESP"]
[Date "2008.08.01"]
[Round "8.29"]
[White "Alshameary Puente, Ismael"]
[Black "Garro Beraza, Haritz"]
[Result "1-0"]
[WhiteElo "1951"]
[BlackElo "1999"]
[PlyCount "47"]
[EventDate "2008.07.27"]
[EventType "swiss"]
[EventRounds "9"]
[EventCountry "ESP"]
[Source "lmi"]
[SourceDate "2008.07.27"]

1. e4 c5 2. Nf3 d6 3. d4 cxd4 4. Nxd4 Nf6 5. Nc3 a6 6. Bg5 e6 7. f4 Be7 8. Qf3
Qc7 9. O-O-O Nbd7 10. g4 b5 11. Bxf6 Nxf6 12. g5 Nd7 13. f5 Bxg5+ 14. Kb1 Ne5
15. Qh5 Bf6 16. fxe6 g6 17. Nd5 Qd8 18. Qh3 O-O 19. Be2 fxe6 20. Nxe6 Bxe6 21.
Qxe6+ Kg7 22. Rhf1 Ra7 23. Nxf6 Rxf6 24. Qxe5 1-0

[Event "España ch 2008 sub 18"]
[Site "Padrón ESP"]
[Date "2008.08.01"]
[Round "8.30"]
[White "Cucarella Montell, Angels"]
[Black "Velandrino Gomez, Maria Cielo"]
[Result "1/2-1/2"]
[WhiteElo "1941"]
[BlackElo "1995"]
[PlyCount "83"]
[EventDate "2008.07.27"]
[EventType "swiss"]
[EventRounds "9"]
[EventCountry "ESP"]
[Source "lmi"]
[SourceDate "2008.07.27"]

1. e4 e6 2. d4 d5 3. Nc3 Nf6 4. e5 Nfd7 5. f4 c5 6. Nf3 Nc6 7. Be3 Be7 8. Qd2
O-O 9. Be2 a6 10. dxc5 Bxc5 11. Nd4 Bxd4 12. Bxd4 b5 13. a3 Bb7 14. O-O Rc8 15.
Rae1 Nb6 16. Qe3 Nxd4 17. Qxd4 Nc4 18. Nd1 Qb6 19. c3 Qxd4+ 20. cxd4 Nd2 21.
Ne3 Nxf1 22. Kxf1 Rc7 23. Bd3 Bc8 24. Ke2 Bd7 25. Kd2 Rfc8 26. Nc2 h6 27. h4
Re8 28. g4 Rf8 29. f5 h5 30. gxh5 f6 31. h6 gxh6 32. Rg1+ Kf7 33. Rg6 fxe5 34.
dxe5 Rg8 35. fxe6+ Bxe6 36. Rf6+ Ke7 37. Nd4 Rg2+ 38. Ke3 Rg3+ 39. Kd2 Rg2+ 40.
Ke3 Rg3+ 41. Kd2 Rg2+ 42. Ke3 1/2-1/2

[Event "España ch 2008 sub 18"]
[Site "Padrón ESP"]
[Date "2008.08.01"]
[Round "8.31"]
[White "Pintor Munoz, Francisco"]
[Black "Rodriguez Perez, Angel Mariano"]
[Result "1/2-1/2"]
[WhiteElo "1808"]
[BlackElo "1991"]
[PlyCount "136"]
[EventDate "2008.07.27"]
[EventType "swiss"]
[EventRounds "9"]
[EventCountry "ESP"]
[Source "lmi"]
[SourceDate "2008.07.27"]

1. e4 d6 2. d4 g6 3. Nc3 Bg7 4. f4 Nf6 5. Nf3 c5 6. Bb5+ Bd7 7. e5 Ng4 8. e6
Bxb5 9. exf7+ Kf8 10. Nxb5 Qa5+ 11. Nc3 cxd4 12. Nxd4 Bxd4 13. Qxd4 Nf6 14. O-O
Nc6 15. Qc4 Qc5+ 16. Qxc5 dxc5 17. f5 Nd4 18. fxg6 hxg6 19. Bg5 Kxf7 20. Rae1
Rae8 21. Rxe7+ Kxe7 22. Bxf6+ Ke6 23. Bxh8 Rxh8 24. Ne4 b6 25. c3 Nf5 26. Ng5+
Kf6 27. Ne4+ Ke6 28. Re1 Kf7 29. g4 Nh6 30. h3 Rd8 31. Kf2 Rd3 32. Re3 Rd1 33.
Kf3 Rf1+ 34. Kg3 Ng8 35. Rf3+ Rxf3+ 36. Kxf3 Ke6 37. Kf4 Ne7 38. c4 a6 39. Kg5
Ke5 40. Nf6 Kd4 41. Nd5 Nxd5 42. cxd5 Kxd5 43. Kxg6 b5 44. h4 c4 45. a3 a5 46.
h5 b4 47. axb4 axb4 48. h6 c3 49. bxc3 bxc3 50. h7 c2 51. h8=Q c1=Q 52. Qd8+
Ke4 53. g5 Qc4 54. Qe7+ Kf4 55. Qf6+ Kg4 56. Qf5+ Kh4 57. Kh6 Qd4 58. Qf6 Qe3
59. Kg6 Kg4 60. Qf5+ Kh4 61. Kf6 Qd4+ 62. Ke6 Qc4+ 63. Kd6 Qd4+ 64. Ke7 Qe3+
65. Kf6 Qd4+ 66. Kg6 Qe3 67. Kh6 Qd4 68. Qf6 Qe3 1/2-1/2

[Event "España ch 2008 sub 18"]
[Site "Padrón ESP"]
[Date "2008.08.01"]
[Round "8.32"]
[White "Almagro Guardia, Elena"]
[Black "Pueyo Burrell, David"]
[Result "0-1"]
[WhiteElo "1895"]
[BlackElo "2126"]
[PlyCount "86"]
[EventDate "2008.07.27"]
[EventType "swiss"]
[EventRounds "9"]
[EventCountry "ESP"]
[Source "lmi"]
[SourceDate "2008.07.27"]

1. c4 Nf6 2. g3 g6 3. Bg2 Bg7 4. Nc3 d6 5. Nf3 O-O 6. O-O e5 7. d3 h6 8. Nd2 c6
9. Rb1 Be6 10. b4 Qd7 11. Re1 Nh5 12. b5 f5 13. Qc2 Rc8 14. Qb3 Nf6 15. Ba3 c5
16. Bb2 Rd8 17. a4 d5 18. Ba3 b6 19. Red1 Qf7 20. Qc2 Nbd7 21. e4 fxe4 22. dxe4
dxc4 23. Nf1 Nf8 24. Ne3 Kh7 25. Bb2 Ne8 26. Ncd5 Bxd5 27. exd5 Nd6 28. Nxc4
Qf5 29. Qxf5 gxf5 30. Nxe5 Ne4 31. Bh3 Nd6 32. f4 Ng6 33. Rbc1 Re8 34. Re1 a6
35. Nxg6 Bxb2 36. Ne5 Bxc1 37. Rxc1 axb5 38. axb5 Ra5 39. Rb1 Rea8 40. Nd7 Ra1
41. Rxa1 Rxa1+ 42. Kg2 c4 43. Nxb6 c3 0-1

[Event "España ch 2008 sub 18"]
[Site "Padrón ESP"]
[Date "2008.08.01"]
[Round "8.33"]
[White "Perez Malvido, Javier"]
[Black "Aboy Nieto, Pablo"]
[Result "1-0"]
[WhiteElo "1842"]
[BlackElo "1949"]
[PlyCount "75"]
[EventDate "2008.07.27"]
[EventType "swiss"]
[EventRounds "9"]
[EventCountry "ESP"]
[Source "lmi"]
[SourceDate "2008.07.27"]

1. e4 b6 2. d3 Bb7 3. g3 c5 4. Bg2 e6 5. f4 d6 6. Nf3 Nc6 7. c3 Qd7 8. O-O Be7
9. Qe2 O-O-O 10. a4 h5 11. Bd2 h4 12. b4 hxg3 13. hxg3 f5 14. a5 c4 15. exf5
cxd3 16. Qxd3 exf5 17. axb6 axb6 18. Be3 Nf6 19. Bxb6 Ne4 20. Bxd8 Kxd8 21.
Nfd2 d5 22. Rd1 Nb8 23. Nxe4 fxe4 24. Qd4 Qg4 25. Qb6+ Kc8 26. Nd2 Nd7 27. Qb5
Qxg3 28. Nf1 Qxf4 29. Ra2 Qb8 30. Rda1 Bd6 31. Qe2 Bh2+ 32. Nxh2 Qxh2+ 33. Kf1
Rf8+ 34. Ke1 Qg3+ 35. Kd1 Rf2 36. Qb5 Qc7 37. Bh3 Rf7 38. Ra8+ 1-0

[Event "España ch 2008 sub 18"]
[Site "Padrón ESP"]
[Date "2008.08.01"]
[Round "8.34"]
[White "Calle Moreau, Jose Domingo"]
[Black "Renilla Merchan, Andres"]
[Result "1-0"]
[WhiteElo "1940"]
[BlackElo "1867"]
[PlyCount "77"]
[EventDate "2008.07.27"]
[EventType "swiss"]
[EventRounds "9"]
[EventCountry "ESP"]
[Source "lmi"]
[SourceDate "2008.07.27"]

1. e4 e6 2. Nf3 d5 3. Nc3 dxe4 4. Nxe4 Bd7 5. d4 Bc6 6. Bd3 Nd7 7. O-O Ngf6 8.
Bg5 Be7 9. Ng3 O-O 10. Re1 b6 11. Ne5 Bb7 12. c3 Rc8 13. Qa4 a5 14. Rad1 Kh8
15. Nc6 Bxc6 16. Qxc6 Nd5 17. Bxe7 Nxe7 18. Qf3 c5 19. Ba6 Rc7 20. dxc5 Rxc5
21. Qb7 Rc7 22. Qf3 Qa8 23. Qxa8 Rxa8 24. Bb5 Nf6 25. Ne4 Nxe4 26. Rxe4 g6 27.
Red4 Kg7 28. Kf1 a4 29. Rxa4 Rxa4 30. Bxa4 Ra7 31. Bb3 b5 32. Rd4 Nc6 33. Rd6
Rc7 34. a3 Kf6 35. Ke2 Ke5 36. Rd3 Na5 37. Ba2 Nb7 38. Rd4 Nd6 39. f4+ 1-0

[Event "España ch 2008 sub 18"]
[Site "Padrón ESP"]
[Date "2008.08.01"]
[Round "8.35"]
[White "Samaniego Alonso, Sergio"]
[Black "Cubillo Munoz, Miguel"]
[Result "1-0"]
[WhiteElo "1837"]
[BlackElo "1923"]
[PlyCount "135"]
[EventDate "2008.07.27"]
[EventType "swiss"]
[EventRounds "9"]
[EventCountry "ESP"]
[Source "lmi"]
[SourceDate "2008.07.27"]

1. Nf3 Nf6 2. c4 g6 3. Nc3 Bg7 4. g3 O-O 5. Bg2 d6 6. d4 Nbd7 7. O-O e5 8. dxe5
dxe5 9. Qc2 c6 10. b3 Re8 11. e4 Qc7 12. Ba3 Qa5 13. Bd6 Re6 14. b4 Qa3 15. Nb1
Qa6 16. Rd1 Ne8 17. c5 Nxd6 18. cxd6 Bf8 19. Bf1 Qb6 20. Bc4 Rf6 21. Ng5 Qxb4
22. Nxf7 Rxf7 23. a3 Qc5 24. Qa2 Nf6 25. Bxf7+ Kg7 26. Be8 Nxe8 27. d7 Bxd7 28.
Rxd7+ Kh8 29. Qf7 Ng7 30. Nd2 b5 31. Nf3 a5 32. Rad1 Qc4 33. Qxc4 bxc4 34. Nxe5
Ne6 35. Nxc4 a4 36. e5 Bc5 37. R1d6 Bxd6 38. Rxd6 Ng5 39. Rxc6 Ra7 40. f4 Ne4
41. Nb2 Nd2 42. Rd6 Ne4 43. Rd4 Nc3 44. Rc4 Nb5 45. Rxa4 Rxa4 46. Nxa4 Kg7 47.
Kf2 Kf7 48. Ke3 Nxa3 49. Ke4 Nc4 50. Kd5 Ne3+ 51. Kd6 Ke8 52. Nc5 h5 53. Ne4
Nf5+ 54. Ke6 Kf8 55. Kf6 h4 56. Kxg6 hxg3 57. hxg3 Ne7+ 58. Kg5 Kf7 59. f5 Nd5
60. Nd6+ Ke7 61. f6+ Ke6 62. Kg6 Nb6 63. Nb7 Kxe5 64. f7 Nd7 65. Nc5 Nf8+ 66.
Kg7 Kf5 67. Kxf8 Kg4 68. Kg8 1-0

[Event "España ch 2008 sub 18"]
[Site "Padrón ESP"]
[Date "2008.08.01"]
[Round "8.36"]
[White "Ladron De Guevara Pinto, Paolo"]
[Black "Mougan Gonzalez, Santiago"]
[Result "1-0"]
[WhiteElo "1915"]
[BlackElo "1730"]
[PlyCount "51"]
[EventDate "2008.07.27"]
[EventType "swiss"]
[EventRounds "9"]
[EventCountry "ESP"]
[Source "lmi"]
[SourceDate "2008.07.27"]

1. e4 c5 2. Nf3 d6 3. d4 cxd4 4. Nxd4 Nf6 5. Nc3 a6 6. Bc4 e6 7. Bb3 Nbd7 8.
Bg5 Nc5 9. f4 Be7 10. Qf3 Qc7 11. O-O-O b5 12. Rhe1 O-O 13. e5 Nxb3+ 14. axb3
Bb7 15. Qg3 dxe5 16. fxe5 Nh5 17. Qg4 Bxg5+ 18. Qxg5 g6 19. Ne4 Bxe4 20. Rxe4
Rac8 21. Rh4 Rfd8 22. c3 Ng7 23. Qh6 Nf5 24. Qxh7+ Kf8 25. Qh8+ Ke7 26. Qf6+
1-0

[Event "España ch 2008 sub 18"]
[Site "Padrón ESP"]
[Date "2008.08.01"]
[Round "8.37"]
[White "Torres Leao-Coelho, Ana"]
[Black "Marin Benito, Carla"]
[Result "1-0"]
[WhiteElo "1909"]
[BlackElo "1785"]
[PlyCount "59"]
[EventDate "2008.07.27"]
[EventType "swiss"]
[EventRounds "9"]
[EventCountry "ESP"]
[Source "lmi"]
[SourceDate "2008.07.27"]

1. e4 e5 2. Nf3 Nc6 3. Bb5 g6 4. c3 Bg7 5. d4 Nge7 6. d5 Nb8 7. d6 cxd6 8. Qxd6
Nec6 9. Na3 a6 10. Ba4 b5 11. Bb3 Qe7 12. Qxe7+ Nxe7 13. O-O O-O 14. Bg5 Nbc6
15. Rad1 h6 16. Be3 Rd8 17. Rd6 Rb8 18. Rfd1 b4 19. Nc4 bxc3 20. bxc3 a5 21.
Nb6 Ba6 22. Nxd7 Rbc8 23. Bb6 Re8 24. Nf6+ Bxf6 25. Rxf6 Rf8 26. Bc5 Kg7 27.
Bxe7 Nxe7 28. Rxa6 Rxc3 29. Rxa5 Rfc8 30. h3 1-0

[Event "España ch 2008 sub 18"]
[Site "Padrón ESP"]
[Date "2008.08.01"]
[Round "8.39"]
[White "Sousa Barreiro, Bieito"]
[Black "Labena Bernal, Antonio"]
[Result "0-1"]
[WhiteElo "1587"]
[BlackElo "2045"]
[PlyCount "100"]
[EventDate "2008.07.27"]
[EventType "swiss"]
[EventRounds "9"]
[EventCountry "ESP"]
[Source "lmi"]
[SourceDate "2008.07.27"]

1. d4 d5 2. c4 e6 3. g3 Nf6 4. Bg2 c6 5. Nc3 Nbd7 6. Qb3 Qb6 7. Nf3 Qxb3 8.
axb3 Bd6 9. O-O O-O 10. Nd2 Re8 11. e4 dxe4 12. Ndxe4 Bc7 13. Bg5 Nxe4 14. Bxe4
Bb6 15. Be3 e5 16. d5 Bxe3 17. fxe3 Nf6 18. Bg2 Bd7 19. d6 Be6 20. Ra5 Ng4 21.
Re1 Red8 22. h3 Nh6 23. Ne4 Nf5 24. Rxe5 Nxd6 25. Nc5 Re8 26. Rd1 Rad8 27. Nxe6
fxe6 28. Ra5 a6 29. g4 Nf7 30. Raa1 Kf8 31. Kf2 Ke7 32. Ke2 e5 33. h4 Ke6 34.
g5 Rxd1 35. Rxd1 Rd8 36. Rf1 Nd6 37. Rd1 Ke7 38. Bh3 a5 39. Bg2 h6 40. e4 hxg5
41. hxg5 Nf7 42. Rxd8 Kxd8 43. Kf3 Nxg5+ 44. Kg4 Nf7 45. Kf5 Ke7 46. Kg6 Nd8
47. Bh3 Kd6 48. Kxg7 b6 49. Kf6 Nb7 50. Be6 Nc5 0-1

[Event "España ch 2008 sub 18"]
[Site "Padrón ESP"]
[Date "2008.08.01"]
[Round "8.40"]
[White "Villanueva Arguinberri, Bruno"]
[Black "Escobar Figueroa, Sandra"]
[Result "0-1"]
[WhiteElo "1981"]
[BlackElo "1794"]
[PlyCount "40"]
[EventDate "2008.07.27"]
[EventType "swiss"]
[EventRounds "9"]
[EventCountry "ESP"]
[Source "lmi"]
[SourceDate "2008.07.27"]

1. d4 d5 2. c4 e6 3. Nc3 Nf6 4. Bg5 Be7 5. e3 O-O 6. Bxf6 Bxf6 7. cxd5 exd5 8.
Bd3 c6 9. Qc2 g6 10. Nge2 Nd7 11. O-O Bg7 12. b4 a6 13. a4 Nf6 14. b5 axb5 15.
axb5 Bd7 16. Rfb1 Qc7 17. Nf4 Rfc8 18. Rxa8 Rxa8 19. Ncxd5 Nxd5 20. b6 Qd6 0-1

[Event "España ch 2008 sub 18"]
[Site "Padrón ESP"]
[Date "2008.08.01"]
[Round "8.41"]
[White "Zapata Lopez, Julio"]
[Black "Carnero Rodriguez, Sergio"]
[Result "0-1"]
[WhiteElo "1921"]
[BlackElo "1765"]
[PlyCount "66"]
[EventDate "2008.07.27"]
[EventType "swiss"]
[EventRounds "9"]
[EventCountry "ESP"]
[Source "lmi"]
[SourceDate "2008.07.27"]

1. d4 Nf6 2. c4 g6 3. Nc3 Bg7 4. e4 d6 5. Be2 O-O 6. Nf3 e5 7. O-O Nc6 8. d5
Ne7 9. b4 Nh5 10. Re1 f5 11. Ng5 Nf6 12. Bf3 h6 13. Ne6 Bxe6 14. dxe6 Qe8 15.
b5 f4 16. Ba3 Rd8 17. Qb3 b6 18. Nd5 Rc8 19. Bb4 g5 20. Nxc7 Rxc7 21. Bxd6 Rc8
22. Qa3 Ng6 23. Bxf8 Bxf8 24. Qxa7 Qxe6 25. Bd1 Nh4 26. c5 bxc5 27. b6 f3 28.
Bxf3 Nxf3+ 29. gxf3 Qh3 30. Re3 Nh5 31. Kh1 Nf4 32. Rg1 Rd8 33. Qa5 Rd1 0-1

[Event "España ch 2008 sub 18"]
[Site "Padrón ESP"]
[Date "2008.08.01"]
[Round "8.43"]
[White "Ruiz De La Torre Perez, Cristin"]
[Black "Charro Calvo, Jesus"]
[Result "1/2-1/2"]
[WhiteElo "1908"]
[BlackElo "1757"]
[PlyCount "98"]
[EventDate "2008.07.27"]
[EventType "swiss"]
[EventRounds "9"]
[EventCountry "ESP"]
[Source "lmi"]
[SourceDate "2008.07.27"]

1. d4 f5 2. h3 b6 3. g4 Bb7 4. Nf3 e6 5. c4 Bb4+ 6. Bd2 Qe7 7. Rg1 fxg4 8. hxg4
Nc6 9. Nc3 O-O-O 10. Qc2 Rf8 11. Bg2 Nf6 12. g5 Nh5 13. O-O-O g6 14. a3 Bd6 15.
Ne4 Nf4 16. Bf1 Nh5 17. Nxd6+ cxd6 18. Bc3 d5 19. cxd5 exd5 20. Bb4 d6 21. Kb1
Kb8 22. Bc3 Rc8 23. Bh3 Rc7 24. Rge1 Rf8 25. Bg2 Nf4 26. Bh1 Nh3 27. e4 dxe4
28. Rxe4 Qf7 29. Re3 Bc8 30. Ka1 Na5 31. d5 Bf5 32. Qa4 Rc4 33. Qb5 Bd7 34. Qa6
Nxf2 35. Bxa5 Rfc8 36. Rb1 Rc1 37. Nd2 Rxb1+ 38. Nxb1 Rc1 39. Bxb6 Bf5 40.
Bxa7+ Qxa7 41. Rb3+ Ka8 42. Qxd6 Nxh1 43. Qd8+ Rc8 44. Qf6 Bd7 45. Qf3 Nf2 46.
Nc3 Nh3 47. d6+ Rc6 48. Qf8+ Rc8 49. Qf3+ Rc6 1/2-1/2

[Event "España ch 2008 sub 18"]
[Site "Padrón ESP"]
[Date "2008.08.01"]
[Round "8.44"]
[White "Crespo Ramos, Maria"]
[Black "Jimenez Lupianez, Laura"]
[Result "0-1"]
[WhiteElo "1560"]
[BlackElo "1901"]
[PlyCount "82"]
[EventDate "2008.07.27"]
[EventType "swiss"]
[EventRounds "9"]
[EventCountry "ESP"]
[Source "lmi"]
[SourceDate "2008.07.27"]

1. e4 e5 2. Nf3 Nc6 3. d4 exd4 4. Bc4 Nf6 5. e5 d5 6. Bb5 Nd7 7. Bxc6 bxc6 8.
Qxd4 Be7 9. O-O Nb6 10. Bf4 c5 11. Qd2 O-O 12. Bg3 f6 13. a4 Nc4 14. Qc3 fxe5
15. Nxe5 Bf6 16. b3 Nxe5 17. Bxe5 Bxe5 18. Qxe5 Qf6 19. Qxf6 Rxf6 20. Nc3 c6
21. Rfe1 Bf5 22. Re2 Re6 23. Rae1 Rae8 24. Rxe6 Rxe6 25. Rxe6 Bxe6 26. a5 Bf5
27. Na4 c4 28. bxc4 Bxc2 29. Nb2 d4 30. f4 Kf7 31. Kf2 Ke6 32. g4 Kd6 33. Kf3
Kc5 34. f5 Kb4 35. a6 Kb3 36. Kf4 Kxb2 37. g5 Kc3 38. h4 Kxc4 39. h5 Kc3 40. f6
gxf6 41. gxf6 Bb3 0-1

[Event "España ch 2008 sub 18"]
[Site "Padrón ESP"]
[Date "2008.08.01"]
[Round "8.45"]
[White "Tirapo Larcuen, Ana"]
[Black "Pelegri Florit, Alex"]
[Result "1-0"]
[WhiteElo "1880"]
[BlackElo "1704"]
[PlyCount "59"]
[EventDate "2008.07.27"]
[EventType "swiss"]
[EventRounds "9"]
[EventCountry "ESP"]
[Source "lmi"]
[SourceDate "2008.07.27"]

1. e4 e6 2. d3 d5 3. Nd2 c5 4. Ngf3 Nc6 5. g3 Nf6 6. Bg2 Be7 7. O-O O-O 8. e5
Nd7 9. Re1 Qc7 10. Qe2 Re8 11. Nf1 Nf8 12. c3 Ng6 13. h4 f6 14. d4 cxd4 15.
cxd4 fxe5 16. dxe5 Bc5 17. h5 Nh8 18. Bf4 Nf7 19. Rac1 b6 20. a3 a5 21. N1d2
Ba6 22. Qd1 Ncd8 23. b4 axb4 24. axb4 Nb7 25. bxc5 bxc5 26. Qc2 c4 27. Nd4 Qe7
28. Bh3 Nc5 29. Bf1 Reb8 30. Nc6 1-0

[Event "España ch 2008 sub 18"]
[Site "Padrón ESP"]
[Date "2008.08.01"]
[Round "8.53"]
[White "Perez Munoz, Jorge"]
[Black "Elexpe Bastida, Oscar"]
[Result "1-0"]
[WhiteElo "1725"]
[BlackElo "1676"]
[PlyCount "55"]
[EventDate "2008.07.27"]
[EventType "swiss"]
[EventRounds "9"]
[EventCountry "ESP"]
[Source "lmi"]
[SourceDate "2008.07.27"]

1. e4 c5 2. Nf3 d6 3. d4 cxd4 4. Nxd4 Nf6 5. Nc3 a6 6. Bg5 e6 7. f4 Nbd7 8. Bd3
Qc7 9. Qf3 b5 10. O-O-O Bb7 11. Rhe1 Qb6 12. Bxf6 Nxf6 13. f5 e5 14. Nb3 b4 15.
Nd5 Bxd5 16. exd5 O-O-O 17. Nd2 Qa5 18. Kb1 Kb8 19. Bc4 Rc8 20. Re3 Nd7 21. a3
Nb6 22. axb4 Qxb4 23. Bxa6 Rc7 24. Rb3 Qa5 25. Nc4 Rxc4 26. Bxc4 Ka8 27. Ra3
Na4 28. Qb3 1-0